| 000 | 00637nam a2200193 i 4500 | ||
|---|---|---|---|
| 001 | 115807 | ||
| 003 | ES-MaACL | ||
| 005 | 20230906190550.0 | ||
| 007 | t| | ||
| 008 | 070517s1909 gw ||||1| spa d | ||
| 100 | 1 |
_aRuppert, Enrique. _9101005 |
|
| 245 | 1 | 0 |
_aGramática de la lengua alemana _b: método teórico-práctico para uso de los españoles / _cEnrique Ruppert. |
| 250 | _a3ª ed. | ||
| 260 |
_aHeidelberg : _bJulio Groos, _c1909. |
||
| 300 |
_aIX, 485 p. ; _c19 cm. |
||
| 500 | _aMétodo Gaspey-Otto-Sauer. | ||
| 650 | 1 | 4 |
_aLengua alemana- _xGramática. _914085 |
| 852 |
_aES-MaACL _jB-2605 _q. - Ejemplar falto de portada |
||
| 999 |
_c115807 _d115807 |
||